000 00669nam a2200241Ia 4500
003 OSt
005 20220918220948.0
006 a|||||r|||| 00| 0
007 ta
008 220917b |||||||| |||| 00| 0 eng d
024 _a147,602
037 _cTextual
040 _aARTS
_cARTS
_beng
041 _2eng
_aeng
082 _aY5926:4:5(Z), L5
100 _aSharma G S
_9138654
245 0 _aLegialation and cases on untouchability and scheduled caste in India
260 _aBoimbay
_bAllied Publishers
_c1975
300 _a157p.
_ccm.
650 _aSOCIOLOGY
942 _hY5926:4:5(Z), L5
_cTEXL
_2CC
999 _c270339
_d270339